| 000 | 00769nam a2200241 i 4500 | ||
|---|---|---|---|
| 001 | bg | ||
| 245 | 0 | 0 |
_aWspółczesne problemy systemów czasu rzeczywistego : _bpraca zbiorowa / _cpod red. Andrzeja Kwietnia, Piotra Gaja. |
| 260 |
_aWarszawa : _bWydawnictwa Naukowo-Techniczne, _c2004. |
||
| 300 |
_a501 s. : _bil. ; _c24 cm. |
||
| 500 | _aStreszcz. przy rozdz. | ||
| 504 | _aBibliogr. przy rozdz. | ||
| 650 | 9 | _aPrzetwarzanie danych w czasie rzeczywistym | |
| 650 | 9 |
_aSystemy informatyczne _xstosowanie _xprzemysł |
|
| 700 | 1 |
_aKWIECIEŃ, Andrzej. _eRed. |
|
| 700 | 1 | _aGAJ, Piotr | |
| 020 | _a8320430232 | ||
| 040 | _cBPK | ||
| 041 | 0 | _apol | |
| 080 | _a004.031.43 | ||
| 920 | _a83-204-3023-2 | ||
| 942 | _cKS | ||
| 008 | s pl f |000 0 pol | ||
| 999 |
_c45265 _d45265 |
||
| 856 |
_uhttp://koha.tu.koszalin.pl/cgi-bin/koha/opac-detail.pl?biblionumber=45265 _yKatalog online BPK |
||